| 000 | nam a22 7a 4500 | ||
|---|---|---|---|
| 999 |
_c29039 _d29039 |
||
| 008 | 170926b xxu||||| |||| 00| 0 eng d | ||
| 020 | _a9966225560 | ||
| 050 | _aAFR HQ 2037 .W36 2006 | ||
| 100 | _aWanjama,Leah Njambi. | ||
| 245 |
_aLife skills: _ba handbook for parents and teachers/ _cDr.Leah Njambi Wanjama |
||
| 260 |
_aNairobi: _bJomo kenyatta foundations, _c2006. |
||
| 300 |
_avi,130p.: _c21cm |
||
| 700 | _aMuraya,pahylis Njoki. | ||
| 700 | _aGichaga,Siphirah Nyakeru. | ||
| 942 |
_2lcc _cAFRICANA _hAFR HQ 2037 .W36 2006 _06 |
||